00541cam a22001577a 4500003000500000005001700005008004100022010001000063011001000073035001000083040000900093100003000102245008200132500012900214650004000343CHAP20220329134252.0971013s r 00010 d a17886 a18858 a22943 cCHAP00aBlanco Macías, Gonzalo.14aThe water supply of Mexico cityb: its relation to renewabl natural resources aSobretiro de : Proc. Inter-American Conference on Conservation of Renewable Natural Resources Denver, Co. 1948. pp. 361-368.14aAguaxAbastecimientoxMexico (D.F.)